[Event "Paul Keres mem (32nd)"]
[Site "Vancouver CAN"]
[Date "2007.05.20"]
[Round "4.7"]
[White "Trochtchanovitch, Pavel"]
[Black "Roua, Radu Laurentiu"]
[Result "0-1"]
[WhiteElo "1986"]
[BlackElo "2210"]
[PlyCount "88"]
[GameId "2160767910676159"]
[EventDate "2007.05.18"]
[EventType "swiss"]
[EventRounds "7"]
[EventCountry "CAN"]

1. e4 Nf6 2. e5 Ng8 3. d4 d6 4. f4 dxe5 5. fxe5 Nc6 6. Nf3 Bg4 7. c3 e6 8. Bd3 Nge7 9. Na3 Nf5 10. Nc4 Nh4 11. Ne3 Nxf3+ 12. gxf3 Qh4+ 13. Kd2 Qf2+ 14. Qe2 Qxf3 15. Nxg4 Qxh1 16. Be4 Qg1 17. h4 O-O-O 18. Bxc6 bxc6 19. Kc2 h5 20. Nf2 Be7 21. Ne4 Qg4 22. Qd3 Qxh4 23. Be3 f5 24. exf6 gxf6 25. Kb3 f5 26. Nd2 Bd6 27. Rf1 f4 28. Qe4 Qg5 29. Qxe6+ Kb7 30. Nc4 Qd5 31. Qxd5 cxd5 32. Nxd6+ Rxd6 33. Rxf4 h4 34. Bg1 Rh7 35. Bh2 Rg6 36. Rf5 c6 37. Rf8 a6 38. Ka4 h3 39. Ka5 Rg2 40. Bd6 h2 41. Rb8+ Ka7 42. Rb6 h1=Q 43. Bc5 Ka8 44. Rxa6+ Kb7 0-1

[Event "Paul Keres mem (32nd)"]
[Site "Vancouver CAN"]
[Date "2007.05.20"]
[Round "4.8"]
[White "Scoones, Dan"]
[Black "Jose, Marionito"]
[Result "1/2-1/2"]
[WhiteElo "2281"]
[BlackElo "1736"]
[PlyCount "73"]
[GameId "2160767910676160"]
[EventDate "2007.05.18"]
[EventType "swiss"]
[EventRounds "7"]
[EventCountry "CAN"]

1. d4 Nf6 2. c4 g6 3. Nc3 Bg7 4. e4 O-O 5. Nf3 d6 6. Be2 Nc6 7. d5 Ne5 8. Nd4 c5 9. dxc6 Nxc6 10. Be3 Qa5 11. Qd2 Ng4 12. Bxg4 Bxg4 13. f3 Bd7 14. O-O Rfe8 15. Rfd1 Rac8 16. Rac1 Nxd4 17. Bxd4 Rxc4 18. Bxg7 Kxg7 19. b3 Rcc8 20. Qd4+ f6 21. Qd2 Rc7 22. Qb2 Rec8 23. Nd5 Rxc1 24. Rxc1 Rxc1+ 25. Qxc1 Kf7 26. b4 Qd8 27. Qh6 Kg8 28. h4 e6 29. h5 exd5 30. hxg6 Qe7 31. gxh7+ Kh8 32. exd5 Qg7 33. Qe3 Qxh7 34. Qxa7 Qb1+ 35. Kh2 Qxb4 36. Qb8+ Kg7 37. Qc7 1/2-1/2

[Event "Paul Keres mem (32nd)"]
[Site "Vancouver CAN"]
[Date "2007.05.20"]
[Round "4.13"]
[White "Erichsen, Dan"]
[Black "Ozkan, Charlie"]
[Result "1-0"]
[WhiteElo "2033"]
[BlackElo "1865"]
[PlyCount "54"]
[GameId "2160767910676161"]
[EventDate "2007.05.18"]
[EventType "swiss"]
[EventRounds "7"]
[EventCountry "CAN"]

1. e4 c5 2. Nf3 e6 3. d4 cxd4 4. Nxd4 Nc6 5. Nc3 Nf6 6. Nxc6 bxc6 7. e5 Nd5 8. Bd3 Nxc3 9. bxc3 Qa5 10. O-O Qxe5 11. Rb1 Bd6 12. f4 Qc5+ 13. Kh1 f5 14. Rb3 Be7 15. Ba3 Qa5 16. Bxe7 Kxe7 17. Qh5 Ba6 18. Qh4+ Kf7 19. Bxa6 Qxa6 20. Rd1 Rad8 21. c4 c5 22. h3 Qc6 23. Rg3 g6 24. Rdd3 d6 25. Rb3 Rd7 26. Rb1 Kg7 27. Rb8 Rhd8 1-0

[Event "Paul Keres mem (32nd)"]
[Site "Vancouver CAN"]
[Date "2007.05.20"]
[Round "4.14"]
[White "Milicevic, Dragoljub"]
[Black "Landingin, Jofrei"]
[Result "1-0"]
[WhiteElo "2172"]
[BlackElo "1823"]
[PlyCount "58"]
[GameId "2160767910676162"]
[EventDate "2007.05.18"]
[EventType "swiss"]
[EventRounds "7"]
[EventCountry "CAN"]

1. g3 d5 2. Bg2 Nf6 3. Nf3 h6 4. O-O Bg4 5. d3 e6 6. Nbd2 Bc5 7. c4 c6 8. a3 O-O 9. b4 Bb6 10. Bb2 Nbd7 11. e4 Re8 12. h3 Bh5 13. Qe2 Bg6 14. Kh1 Nh7 15. Nh4 Qg5 16. Nhf3 Qe7 17. Nh2 Qg5 18. Ng4 h5 19. f4 hxg4 20. hxg4 Qd8 21. e5 a5 22. cxd5 cxd5 23. Nf3 axb4 24. axb4 Qe7 25. Qd2 Rac8 26. Rfc1 Ndf8 27. Bf1 Rc7 28. d4 Rec8 29. Rxc7 Rxc7 1-0

[Event "Paul Keres mem (32nd)"]
[Site "Vancouver CAN"]
[Date "2007.05.20"]
[Round "4.15"]
[White "Abelsen, Jeremy"]
[Black "Han, Yiming"]
[Result "1-0"]
[WhiteElo "2100"]
[BlackElo "1777"]
[PlyCount "91"]
[GameId "2160767910676163"]
[EventDate "2007.05.18"]
[EventType "swiss"]
[EventRounds "7"]
[EventCountry "CAN"]

1. d4 d5 2. c4 e6 3. Nf3 Nf6 4. Bg5 Be7 5. Nc3 O-O 6. e3 h6 7. Bh4 b6 8. cxd5 Nxd5 9. Bxe7 Qxe7 10. Nxd5 exd5 11. Qa4 c5 12. Ne5 Be6 13. Qa3 Nd7 14. Nxd7 Bxd7 15. Rc1 Rfc8 16. Ba6 Rc7 17. O-O Be6 18. Rc3 Qg5 19. f4 Qe7 20. f5 Bc8 21. f6 gxf6 22. Bxc8 Raxc8 23. e4 Qxe4 24. Rg3+ Kf8 25. Rh3 Qxd4+ 26. Kh1 Qd2 27. Qg3 Re7 28. Qd6 Qe2 29. Qxf6 Qe5 30. Qxh6+ Ke8 31. Rh5 Qe6 32. Qd2 d4 33. h3 Qe3 34. Qc2 d3 35. Rh8+ Kd7 36. Qa4+ Rc6 37. Qxa7+ Ke6 38. Qa4 Rcc7 39. Qb5 Qe2 40. Qxb6+ Ke5 41. Qf6+ Kd5 42. Rf5+ Kc4 43. Qc3+ Kb5 44. Rb8+ Kc6 45. Qxc5+ Kd7 46. Qd5# 1-0

[Event "Paul Keres mem (32nd)"]
[Site "Vancouver CAN"]
[Date "2007.05.20"]
[Round "4.16"]
[White "Harris, Philip"]
[Black "Wilson Tagoe, George"]
[Result "1-0"]
[WhiteElo "1865"]
[BlackElo "1751"]
[PlyCount "61"]
[GameId "2160767910676164"]
[EventDate "2007.05.18"]
[EventType "swiss"]
[EventRounds "7"]
[EventCountry "CAN"]

1. e4 e5 2. Nc3 Nc6 3. f4 exf4 4. Nf3 g5 5. Bc4 g4 6. O-O gxf3 7. Qxf3 Bh6 8. Qh5 Qf6 9. d3 Qg6 10. Qh4 Bg5 11. Qf2 Nge7 12. Bxf4 Bxf4 13. Qxf4 Rf8 14. Nb5 Rb8 15. Qxc7 Ng8 16. Bxf7+ Rxf7 17. Rxf7 Kxf7 18. Nd6+ Kg7 19. Nxc8 Qe8 20. Nd6 Qd8 21. Nf5+ Kh8 22. Qd6 Qb6+ 23. Kh1 Qxb2 24. Rf1 Rd8 25. d4 Qb5 26. Re1 Qb4 27. Qg3 Qf8 28. d5 Nce7 29. Qe5+ Qf6 30. Qxf6+ Nxf6 31. Nxe7 1-0

[Event "Paul Keres mem (32nd)"]
[Site "Vancouver CAN"]
[Date "2007.05.20"]
[Round "5"]
[White "MacKay, Ian"]
[Black "Tegzes, Laszlo"]
[Result "1-0"]
[WhiteElo "2325"]
[BlackElo "2131"]
[PlyCount "77"]
[GameId "2160767910676165"]
[EventDate "2007.05.18"]
[EventType "swiss"]
[EventRounds "7"]
[EventCountry "CAN"]
[SourceTitle "EXT 2008"]
[Source "ChessBase"]
[SourceDate "2007.11.25"]
[SourceVersion "1"]
[SourceVersionDate "2007.11.25"]
[SourceQuality "1"]

1. d4 Nf6 2. c4 d6 3. Nc3 g6 4. e4 Bg7 5. Be2 O-O 6. Bg5 Nbd7 7. Qd2 c5 8. d5 Re8 9. h4 a6 10. h5 Rb8 11. hxg6 fxg6 12. Bh6 Bh8 13. f3 Ne5 14. Bf4 Nf7 15. g4 Qa5 16. a4 Nd7 17. Nh3 Nf8 18. Qc1 e6 19. Bd2 Qd8 20. Nf2 exd5 21. exd5 Ne5 22. Nfe4 Nfd7 23. Qc2 Qe7 24. O-O-O b5 25. cxb5 axb5 26. Bg5 Qg7 27. Nxd6 Rf8 28. Bh6 Qe7 29. Bxf8 Qxf8 30. Ncxb5 Qf4+ 31. Kb1 Ba6 32. Ne4 Bxb5 33. axb5 Nxf3 34. Rhf1 Nde5 35. d6 Qe3 36. d7 Rd8 37. Nxc5 Nd4 38. Bc4+ Kg7 39. Rxd4 1-0

[Event "Paul Keres mem (32nd)"]
[Site "Vancouver CAN"]
[Date "2007.05.20"]
[Round "5"]
[White "Orlov, Georgi"]
[Black "Yoos, John"]
[Result "1/2-1/2"]
[WhiteElo "2497"]
[BlackElo "2367"]
[PlyCount "56"]
[GameId "2160767910676166"]
[EventDate "2007.05.18"]
[EventType "swiss"]
[EventRounds "7"]
[EventCountry "CAN"]
[SourceTitle "EXT 2008"]
[Source "ChessBase"]
[SourceDate "2007.11.25"]
[SourceVersion "1"]
[SourceVersionDate "2007.11.25"]
[SourceQuality "1"]

1. d4 Nf6 2. Nf3 g6 3. c4 Bg7 4. Nc3 O-O 5. e4 d6 6. Be2 e5 7. O-O Nc6 8. d5 Ne7 9. b4 Ne8 10. c5 f5 11. Nd2 Nf6 12. f3 f4 13. Nc4 g5 14. Ba3 Ng6 15. b5 dxc5 16. Bxc5 Rf7 17. Kh1 h5 18. d6 Be6 19. Qa4 g4 20. Rad1 Nh7 21. dxc7 Qh4 22. Rd8+ Rxd8 23. cxd8=Q+ Qxd8 24. Nd6 Rc7 25. Bc4 Ngf8 26. Bxe6+ Nxe6 27. Qb3 Nhg5 28. Bb4 Kh7 1/2-1/2

[Event "Paul Keres mem (32nd)"]
[Site "Vancouver CAN"]
[Date "2007.05.20"]
[Round "5"]
[White "Sinanan, Joshua"]
[Black "Erichsen, Dan"]
[Result "1/2-1/2"]
[WhiteElo "2125"]
[BlackElo "2173"]
[PlyCount "44"]
[GameId "2160767910676167"]
[EventDate "2007.05.18"]
[EventType "swiss"]
[EventRounds "7"]
[EventCountry "CAN"]
[SourceTitle "EXT 2008"]
[Source "ChessBase"]
[SourceDate "2007.11.25"]
[SourceVersion "1"]
[SourceVersionDate "2007.11.25"]
[SourceQuality "1"]

1. Nf3 Nf6 2. c4 c6 3. d4 d5 4. Nc3 a6 5. c5 Nbd7 6. Bf4 Nh5 7. Bg5 h6 8. Bd2 Qc7 9. e4 dxe4 10. Nxe4 Nhf6 11. Qe2 Nxe4 12. Qxe4 Nf6 13. Qc2 Be6 14. Be2 g6 15. O-O Bg7 16. Bd3 O-O 17. Rfe1 Bd5 18. Ne5 Nd7 19. Ng4 h5 20. Ne3 Nf6 21. Nxd5 Nxd5 22. Bc3 Rad8 1/2-1/2

[Event "Paul Keres mem (32nd)"]
[Site "Vancouver CAN"]
[Date "2007.05.20"]
[Round "5.3"]
[White "Roua, Radu Laurentiu"]
[Black "Jiang, Louie"]
[Result "1-0"]
[WhiteElo "2210"]
[BlackElo "2245"]
[PlyCount "39"]
[GameId "2160767910676169"]
[EventDate "2007.05.18"]
[EventType "swiss"]
[EventRounds "7"]
[EventCountry "CAN"]

1. d4 d5 2. c4 e6 3. Nc3 Nf6 4. Nf3 c6 5. e3 Nbd7 6. Bd3 Be7 7. O-O O-O 8. e4 dxe4 9. Nxe4 Nxe4 10. Bxe4 Nf6 11. Bc2 b6 12. Qd3 h6 13. Ne5 c5 14. Ng4 Re8 15. Be3 Qc7 16. dxc5 bxc5 17. b4 cxb4 18. Bd4 Qf4 19. Nxf6+ Bxf6 20. Qh7+ 1-0

[Event "Paul Keres mem (32nd)"]
[Site "Vancouver CAN"]
[Date "2007.05.20"]
[Round "5.6"]
[White "Patterson, Roger"]
[Black "Salcedo, Daniel"]
[Result "1/2-1/2"]
[WhiteElo "2265"]
[BlackElo "2087"]
[PlyCount "52"]
[GameId "2160767910676170"]
[EventDate "2007.05.18"]
[EventType "swiss"]
[EventRounds "7"]
[EventCountry "CAN"]

1. e4 d6 2. d4 Nf6 3. Nc3 g6 4. f4 Bg7 5. Nf3 c5 6. dxc5 Qa5 7. Bd3 Qxc5 8. Qe2 O-O 9. Be3 Qa5 10. O-O Bg4 11. h3 Bxf3 12. Qxf3 Nc6 13. a3 Rac8 14. Rae1 Qc7 15. g4 a6 16. Nd5 Nxd5 17. exd5 Nb8 18. c3 Nd7 19. Kg2 e6 20. Rf2 Nf6 21. dxe6 fxe6 22. Bd4 Rce8 23. Qg3 Qc6+ 24. Kg1 d5 25. Rfe2 Nd7 26. Bxg7 Kxg7 1/2-1/2

[Event "Paul Keres mem (32nd)"]
[Site "Vancouver CAN"]
[Date "2007.05.20"]
[Round "5.7"]
[White "Davies, Lucas"]
[Black "Gornall, Kirk"]
[Result "1/2-1/2"]
[WhiteElo "2235"]
[BlackElo "2037"]
[PlyCount "30"]
[GameId "2160767910676171"]
[EventDate "2007.05.18"]
[EventType "swiss"]
[EventRounds "7"]
[EventCountry "CAN"]

1. e4 g6 2. d4 Bg7 3. Nc3 c6 4. Be3 d5 5. e5 f6 6. f4 Nh6 7. Nf3 O-O 8. Bd3 Bg4 9. Rf1 fxe5 10. fxe5 Nf5 11. Qd2 Nxe3 12. Qxe3 e6 13. Qg5 Qxg5 14. Nxg5 Rxf1+ 15. Kxf1 Bh6 1/2-1/2

[Event "Paul Keres mem (32nd)"]
[Site "Vancouver CAN"]
[Date "2007.05.20"]
[Round "5.10"]
[White "Scoones, Dan"]
[Black "Burke, Paul"]
[Result "1-0"]
[WhiteElo "2281"]
[BlackElo "2015"]
[PlyCount "57"]
[GameId "2160767910676172"]
[EventDate "2007.05.18"]
[EventType "swiss"]
[EventRounds "7"]
[EventCountry "CAN"]

1. Nf3 Nf6 2. c4 e6 3. Nc3 d5 4. d4 dxc4 5. e4 Bb4 6. Bg5 Bxc3+ 7. bxc3 h6 8. Bxf6 Qxf6 9. Bxc4 O-O 10. O-O c5 11. Qd2 Nd7 12. e5 Qe7 13. Qe3 Nb6 14. Bd3 c4 15. Be2 Bd7 16. Nd2 Nd5 17. Qg3 b5 18. Ne4 f5 19. exf6 Nxf6 20. Nxf6+ Rxf6 21. Bf3 Raf8 22. Be4 Be8 23. a3 a5 24. Qe5 Qa7 25. f3 Qd7 26. Rfb1 Qa7 27. a4 b4 28. cxb4 axb4 29. Rxb4 1-0

[Event "Paul Keres mem (32nd)"]
[Site "Vancouver CAN"]
[Date "2007.05.20"]
[Round "5.11"]
[White "Jiganchine, Roman"]
[Black "Trochtchanovitch, Pavel"]
[Result "1-0"]
[WhiteElo "2236"]
[BlackElo "1986"]
[PlyCount "139"]
[GameId "2160767910676173"]
[EventDate "2007.05.18"]
[EventType "swiss"]
[EventRounds "7"]
[EventCountry "CAN"]

1. e4 e5 2. Nf3 Nc6 3. Bb5 a6 4. Ba4 Nf6 5. O-O b5 6. Bb3 Nxe4 7. d4 d5 8. dxe5 Be6 9. Nbd2 Nc5 10. c3 Nxb3 11. Nxb3 Be7 12. Nfd4 Nxd4 13. cxd4 O-O 14. Be3 Rc8 15. Rc1 c6 16. Nc5 Bxc5 17. Rxc5 a5 18. Qc2 Bd7 19. f4 f5 20. Rf3 Qe7 21. Bd2 a4 22. Bb4 Qf7 23. Rcc3 Rfe8 24. Bc5 Ra8 25. Rh3 Re6 26. Rcg3 Rg6 27. Rxg6 Qxg6 28. Rg3 Qf7 29. Ra3 Qe8 30. Re3 Qe6 31. Qe2 Re8 32. Ra3 Ra8 33. h3 Qe8 34. Kh2 Be6 35. Rg3 Kh8 36. Bd6 Qf7 37. Re3 Qe8 38. Qf2 Ra7 39. Qh4 Ra8 40. Rg3 Qf7 41. Rc3 Bd7 42. Qg5 Qg6 43. Qe7 Qe8 44. Qh4 Rc8 45. Rg3 Qf7 46. Qg5 Re8 47. b3 axb3 48. axb3 Kg8 49. b4 Kh8 50. Ra3 Qe6 51. Ra7 Kg8 52. h4 h6 53. Qg3 h5 54. Qg5 Qf7 55. Kh3 Kh7 56. Bc5 Re6 57. Kh2 Re8 58. e6 Qxe6 59. Qxh5+ Kg8 60. Qg5 Kh7 61. h5 Kh8 62. Rc7 Rc8 63. Ra7 Rg8 64. Qg6 Rc8 65. Qxe6 Bxe6 66. Re7 Bg8 67. h6 Rd8 68. Kg1 Bh7 69. Rc7 Rg8 70. Rxc6 1-0

[Event "Paul Keres mem (32nd)"]
[Site "Vancouver CAN"]
[Date "2007.05.20"]
[Round "5.13"]
[White "Abelsen, Jeremy"]
[Black "Harris, Philip"]
[Result "0-1"]
[WhiteElo "2100"]
[BlackElo "1865"]
[PlyCount "62"]
[GameId "2160767910676174"]
[EventDate "2007.05.18"]
[EventType "swiss"]
[EventRounds "7"]
[EventCountry "CAN"]

1. d4 Nf6 2. c4 e6 3. Nf3 Bb4+ 4. Nbd2 b6 5. a3 Bxd2+ 6. Bxd2 Bb7 7. g3 d6 8. Bg2 Nbd7 9. O-O O-O 10. b4 Qe7 11. Bc1 Ne4 12. Bb2 f5 13. Qb3 Kh8 14. e3 Ndf6 15. c5 Bd5 16. Qc2 Rad8 17. Rac1 Rd7 18. a4 Rb8 19. cxb6 axb6 20. b5 Rc8 21. Ba3 c5 22. bxc6 Rdc7 23. Qb2 Rxc6 24. Rxc6 Rxc6 25. Ne5 Rc7 26. Qxb6 Rb7 27. Qa6 Ra7 28. Qc8+ Qe8 29. Rc1 dxe5 30. Qxe8+ Nxe8 31. Bxe4 Bxe4 0-1

[Event "Paul Keres mem (32nd)"]
[Site "Vancouver CAN"]
[Date "2007.05.20"]
[Round "5.17"]
[White "Niksic, John"]
[Black "Krzyzowski, Ernest"]
[Result "1-0"]
[WhiteElo "2010"]
[BlackElo "1797"]
[PlyCount "51"]
[GameId "2160767910676175"]
[EventDate "2007.05.18"]
[EventType "swiss"]
[EventRounds "7"]
[EventCountry "CAN"]

1. d4 f5 2. Nf3 Nf6 3. g3 e6 4. Bg2 Be7 5. O-O O-O 6. c4 d6 7. Nc3 Qe8 8. b3 Nbd7 9. Bb2 Qh5 10. Re1 Ne4 11. Nd2 d5 12. cxd5 Ndf6 13. Ndxe4 Ng4 14. h3 fxe4 15. hxg4 Qxg4 16. Bxe4 Bd6 17. Qd3 e5 18. Bf3 Qh3 19. Ne4 Rf5 20. dxe5 Bxe5 21. Bxe5 Rxe5 22. Qd4 Qf5 23. Rac1 Bd7 24. Nc5 Rae8 25. Qf4 Qh3 26. Bg2 1-0

[Event "Paul Keres mem (32nd)"]
[Site "Vancouver CAN"]
[Date "2007.05.20"]
[Round "5.20"]
[White "Han, Yifei"]
[Black "Milner, Arie"]
[Result "0-1"]
[WhiteElo "1731"]
[BlackElo "1977"]
[PlyCount "122"]
[GameId "2160767910676176"]
[EventDate "2007.05.18"]
[EventType "swiss"]
[EventRounds "7"]
[EventCountry "CAN"]

1. e4 e5 2. Nf3 Nc6 3. Bb5 a6 4. Ba4 Nf6 5. O-O b5 6. Bb3 Be7 7. Re1 d6 8. c3 O-O 9. h3 Bb7 10. d4 Re8 11. Nbd2 Bf8 12. Bc2 h6 13. Nf1 exd4 14. cxd4 Nb4 15. Ng3 Nxc2 16. Qxc2 Qe7 17. d5 g6 18. Bf4 Bg7 19. Rad1 Rac8 20. Nd4 Nd7 21. b4 Bxd4 22. Rxd4 Kh7 23. Qd2 h5 24. Qd1 Qh4 25. Qf3 Qf6 26. Rd3 h4 27. Nf1 Kg7 28. Qg4 Ne5 29. Bxe5 dxe5 30. Nh2 Rcd8 31. Ree3 Rh8 32. Qe2 c6 33. Ng4 Qe7 34. dxc6 Bxc6 35. a3 Bd7 36. Nh2 Be6 37. Qb2 Bc4 38. Rxd8 Rxd8 39. Nf3 Rd1+ 40. Kh2 Rf1 41. Nxe5 Qd6 42. g3 f6 43. Nxc4 bxc4 44. e5 fxe5 45. Kg2 Qd4 46. Qe2 Qd5+ 47. f3 Rd1 48. Rxe5 Qd2 49. gxh4 Kf6 50. Kg3 Rg1+ 51. Kf2 Qd4+ 52. Re3 Rd1 53. Kg3 Rg1+ 54. Kh2 Rd1 55. Re6+ Kf5 56. Qe4+ Qxe4 57. Rxe4 c3 58. Rc4 Rc1 59. Kg3 c2 60. Rc5+ Ke6 61. Kf2 Rh1 0-1

[Event "Paul Keres mem (32nd)"]
[Site "Vancouver CAN"]
[Date "2007.05.21"]
[Round "6"]
[White "Jiang, Louie"]
[Black "Sinanan, Joshua"]
[Result "1-0"]
[WhiteElo "2072"]
[BlackElo "2125"]
[PlyCount "71"]
[GameId "2160767910676177"]
[EventDate "2007.05.18"]
[EventType "swiss"]
[EventRounds "7"]
[EventCountry "CAN"]
[SourceTitle "EXT 2008"]
[Source "ChessBase"]
[SourceDate "2007.11.25"]
[SourceVersion "1"]
[SourceVersionDate "2007.11.25"]
[SourceQuality "1"]

1. e4 c5 2. Nf3 e6 3. d4 cxd4 4. Nxd4 Nc6 5. Be3 Qc7 6. Be2 Nf6 7. Nd2 d5 8. exd5 Nxd5 9. Nc4 Nxe3 10. Nxe3 Bc5 11. Nxc6 bxc6 12. O-O O-O 13. c3 Rd8 14. Qc2 Qf4 15. Rad1 Bb7 16. Rd3 Bb6 17. g3 Qf6 18. Nc4 Bc7 19. Rfd1 Rxd3 20. Bxd3 g6 21. Be4 Qe7 22. b4 f5 23. Bg2 e5 24. Qa4 e4 25. Na5 Bb6 26. Qb3+ Kh8 27. Nxb7 Qxb7 28. Qe6 Qg7 29. Rd7 Qxc3 30. Bf1 Rg8 31. Bc4 Rf8 32. Qe7 Bxf2+ 33. Kxf2 Qf3+ 34. Ke1 Qc3+ 35. Kd1 Qf3+ 36. Be2 1-0

[Event "Paul Keres mem (32nd)"]
[Site "Vancouver CAN"]
[Date "2007.05.21"]
[Round "6"]
[White "MacKay, Ian"]
[Black "Wu, Howard"]
[Result "1/2-1/2"]
[WhiteElo "2325"]
[BlackElo "2189"]
[PlyCount "57"]
[GameId "2160767910676179"]
[EventDate "2007.05.18"]
[EventType "swiss"]
[EventRounds "7"]
[EventCountry "CAN"]
[SourceTitle "EXT 2008"]
[Source "ChessBase"]
[SourceDate "2007.11.25"]
[SourceVersion "1"]
[SourceVersionDate "2007.11.25"]
[SourceQuality "1"]

1. d4 Nf6 2. c4 c5 3. d5 b5 4. cxb5 a6 5. bxa6 Bxa6 6. Nc3 g6 7. g3 d6 8. Bg2 Bg7 9. Nf3 O-O 10. O-O Nbd7 11. Re1 Ng4 12. Qc2 Nge5 13. b3 Nxf3+ 14. Bxf3 Ne5 15. Bb2 Qa5 16. Bg2 c4 17. Bh3 Bc8 18. Kg2 Bb7 19. Kf1 Bc8 20. Kg2 Qc5 21. f4 cxb3 22. axb3 Bxh3+ 23. Kxh3 Qc8+ 24. Kg2 Rxa1 25. Bxa1 Ng4 26. Qd2 Qb7 27. h3 Nf6 28. e4 Nd7 29. Ne2 1/2-1/2

[Event "Paul Keres mem (32nd)"]
[Site "Vancouver CAN"]
[Date "2007.05.21"]
[Round "6"]
[White "Yoos, John"]
[Black "Roua, Radu Laurentiu"]
[Result "1/2-1/2"]
[WhiteElo "2367"]
[BlackElo "2210"]
[PlyCount "63"]
[GameId "2160767910676180"]
[EventDate "2007.05.18"]
[EventType "swiss"]
[EventRounds "7"]
[EventCountry "CAN"]
[SourceTitle "EXT 2008"]
[Source "ChessBase"]
[SourceDate "2007.11.25"]
[SourceVersion "1"]
[SourceVersionDate "2007.11.25"]
[SourceQuality "1"]

1. e4 Nc6 2. d4 e5 3. dxe5 Nxe5 4. Nc3 Bc5 5. Bf4 Ng6 6. Bg3 d6 7. h4 h5 8. Qd2 Nf6 9. Nf3 Qe7 10. Ng5 Ne5 11. O-O-O Bd7 12. f3 O-O-O 13. Bf2 Bc6 14. Qe1 Kb8 15. Bxc5 dxc5 16. Rxd8+ Rxd8 17. Bb5 Bxb5 18. Nxb5 Nc6 19. Nc3 Nd4 20. Qf1 c6 21. Qc4 Rd7 22. a4 Ne8 23. Kb1 b6 24. Re1 Nd6 25. Qf1 f6 26. Nh3 Qf7 27. Nf4 Nc4 28. Qf2 Ne5 29. Qf1 g6 30. Rd1 Rd6 31. Nd3 Nc4 32. Qe1 1/2-1/2

[Event "Paul Keres mem (32nd)"]
[Site "Vancouver CAN"]
[Date "2007.05.21"]
[Round "6.4"]
[White "Davies, Noam"]
[Black "Berry, Jonathan"]
[Result "0-1"]
[WhiteElo "2210"]
[BlackElo "2305"]
[PlyCount "104"]
[GameId "2160767910676182"]
[EventDate "2007.05.18"]
[EventType "swiss"]
[EventRounds "7"]
[EventCountry "CAN"]

1. e4 d5 2. exd5 Nf6 3. d4 Nxd5 4. c4 Nb6 5. Nc3 e5 6. dxe5 Qxd1+ 7. Nxd1 Nc6 8. f4 Be6 9. Ne3 Bc5 10. b3 Nb4 11. a3 Nc6 12. Nf3 O-O-O 13. Ng5 Rhe8 14. Nxh7 f6 15. exf6 Bg8 16. f7 Bxf7 17. Kf2 Rd1 18. g3 Rxc1 19. Bh3+ Kb8 20. Raxc1 Bxe3+ 21. Kg2 Bxc1 22. Rxc1 Nd4 23. Rc3 Re2+ 24. Kg1 c5 25. Bg4 Bg6 26. Ng5 Nc8 27. b4 cxb4 28. axb4 Nd6 29. c5 N6f5 30. Rd3 Rb2 31. Bxf5 Nxf5 32. Rd8+ Kc7 33. Ne6+ Kc6 34. g4 Rxb4 35. gxf5 Bxf5 36. Rd6+ Kb5 37. Nd4+ Kxc5 38. Nxf5 Rxf4 39. Rd7 Rxf5 40. Rxb7 a5 41. Rxg7 a4 42. Ra7 Kb4 43. Kg2 a3 44. h4 Ra5 45. Rb7+ Kc3 46. Rc7+ Kb4 47. Rb7+ Rb5 48. Ra7 Kb3 49. Kg3 Rb4 50. h5 a2 51. Kh3 Ra4 52. Rb7+ Ka3 0-1

[Event "Paul Keres mem (32nd)"]
[Site "Vancouver CAN"]
[Date "2007.05.21"]
[Round "6.5"]
[White "Milicevic, Dragoljub"]
[Black "Scoones, Dan"]
[Result "1/2-1/2"]
[WhiteElo "2172"]
[BlackElo "2281"]
[PlyCount "44"]
[GameId "2160767910676183"]
[EventDate "2007.05.18"]
[EventType "swiss"]
[EventRounds "7"]
[EventCountry "CAN"]

1. e4 d5 2. exd5 Nf6 3. d4 Nxd5 4. c4 Nb6 5. Nf3 g6 6. Nc3 Bg7 7. Be3 O-O 8. Be2 Nc6 9. Qd2 Bg4 10. b3 Bxf3 11. Bxf3 Nxd4 12. Bxb7 Rb8 13. Ba6 Qd6 14. Rd1 e5 15. O-O c6 16. Nb1 Nd7 17. f4 c5 18. Bb5 exf4 19. Bxf4 Be5 20. Nc3 f5 21. Bxd7 Bxf4 22. Qxf4 Qxd7 1/2-1/2

[Event "Paul Keres mem (32nd)"]
[Site "Vancouver CAN"]
[Date "2007.05.21"]
[Round "6.12"]
[White "Kyriakides, Savvas"]
[Black "Jose, Marionito"]
[Result "1-0"]
[WhiteElo "2008"]
[BlackElo "1736"]
[PlyCount "113"]
[GameId "2160767910676184"]
[EventDate "2007.05.18"]
[EventType "swiss"]
[EventRounds "7"]
[EventCountry "CAN"]

1. e4 c5 2. Nf3 e6 3. d4 cxd4 4. Nxd4 Qb6 5. Nb3 a6 6. Be2 Qc7 7. Nc3 d6 8. O-O Nf6 9. Bf4 Be7 10. Qd2 b5 11. Bf3 Bb7 12. a3 Nbd7 13. Rad1 Ne5 14. Qe2 O-O 15. Rfe1 Nfd7 16. Nd4 Rfe8 17. Qd2 Bc6 18. Be2 Rab8 19. Bg3 Red8 20. f4 Nc4 21. Qc1 e5 22. Nxc6 Qxc6 23. Nd5 Bf8 24. Rd3 exf4 25. Bxf4 Nde5 26. Rg3 Ng6 27. Bg5 Nce5 28. Bxd8 Rxd8 29. Rc3 Qd7 30. Rc7 Qe6 31. Ra7 Ne7 32. Nxe7+ Bxe7 33. Rxa6 h6 34. Bxb5 Qc8 35. b4 Bg5 36. Qd1 Qc3 37. Rf1 Nc4 38. Qd3 Qxd3 39. cxd3 Ne5 40. Kf2 d5 41. exd5 Rxd5 42. Bc4 Rd4 43. Ke2 Rd7 44. Ra8+ Kh7 45. Rc8 Re7 46. Kd1 Ng4 47. Rxf7 Re5 48. d4 Re3 49. Rf3 Re7 50. Bd3+ g6 51. Kc2 Nxh2 52. Rff8 Ng4 53. Rh8+ Kg7 54. Rhg8+ Kh7 55. Rh8+ Kg7 56. Bc4 Kf6 57. Rcf8+ 1-0

[Event "Paul Keres mem (32nd)"]
[Site "Vancouver CAN"]
[Date "2007.05.21"]
[Round "6.15"]
[White "Burke, Paul"]
[Black "Ozkan, Charlie"]
[Result "1-0"]
[WhiteElo "2015"]
[BlackElo "1865"]
[PlyCount "37"]
[GameId "2160767910676185"]
[EventDate "2007.05.18"]
[EventType "swiss"]
[EventRounds "7"]
[EventCountry "CAN"]

1. e4 c5 2. d4 cxd4 3. c3 dxc3 4. Nxc3 Nc6 5. Nf3 e6 6. Bf4 a6 7. e5 Nge7 8. Bd3 Ng6 9. Bg3 Be7 10. h4 Qa5 11. Qe2 Qb4 12. a3 Qg4 13. Qe3 b5 14. h5 Nf8 15. Ne4 g5 16. Nfd2 Nxe5 17. Bxe5 Rg8 18. f3 Qxg2 19. Rh2 1-0

[Event "Paul Keres mem (32nd)"]
[Site "Vancouver CAN"]
[Date "2007.05.21"]
[Round "6.16"]
[White "Milner, Arie"]
[Black "Niksic, John"]
[Result "1-0"]
[WhiteElo "1977"]
[BlackElo "2010"]
[PlyCount "81"]
[GameId "2160767910676186"]
[EventDate "2007.05.18"]
[EventType "swiss"]
[EventRounds "7"]
[EventCountry "CAN"]

1. e4 e6 2. d4 d5 3. e5 c5 4. c3 Qb6 5. Nf3 Nc6 6. a3 c4 7. Nbd2 Na5 8. Be2 Bd7 9. O-O Ne7 10. Nh4 Ng6 11. Nxg6 hxg6 12. f4 Be7 13. Qe1 Ba4 14. Bd1 Bxd1 15. Qxd1 O-O-O 16. Rb1 Nc6 17. Kh1 Rh5 18. b3 Rdh8 19. h3 cxb3 20. Rxb3 Qa6 21. Nf3 Na5 22. Rb1 Nc4 23. Rf2 b6 24. Qe2 Qa4 25. Ng5 Rf8 26. Qg4 Kd7 27. Kh2 Qc6 28. Nxf7 Rxf7 29. Qxg6 Rff5 30. g4 Rhg5 31. Qh7 Rf7 32. Ra2 Bxa3 33. fxg5 Qa4 34. g6 Re7 35. Bxa3 Nxa3 36. Rba1 Qc4 37. Qh4 Nb5 38. Rxa7+ Nc7 39. Qf2 Kc6 40. R1a2 Qd3 41. c4 1-0